UBT Library

Advantages of application of TQM Principles in Construction Industry (Record no. 52688)

000 -LEADER
fixed length control field 00311nam a22001217a 4500
008 - FIXED-LENGTH DATA ELEMENTS--GENERAL INFORMATION
fixed length control field 181129b xxu||||| |||| 00| 0 eng d
041 ## - LANGUAGE CODE
Language code of text/sound track or separate title eng
080 ## - UNIVERSAL DECIMAL CLASSIFICATION NUMBER
Universal Decimal Classification number 043.3
100 ## - Rafti
Rafti 0
101 ## - Shkurtesa
Shkurtesa BTH-MBE
245 ## - TITLE STATEMENT
Title Advantages of application of TQM Principles in Construction Industry
Statement of responsibility, etc Gashi,E
942 ## - ADDED ENTRY ELEMENTS (KOHA)
Source of classification or shelving scheme
Item type Books
Holdings
Withdrawn status Lost status Source of classification or shelving scheme Damaged status Not for loan Collection code Permanent location Current location Shelving location Date acquired Total Checkouts Full call number Barcode Date last seen Price effective from Koha item type
          Koleksioni i përgjithshem UBT - Lipjan UBT - Lipjan Koleksioni i përgjithshem 11/29/2018   043.3 Gashi,E 2005 MBE 002-3019825 11/29/2018 11/29/2018 Dissertation
          Koleksioni i përgjithshem UBT - Lipjan UBT - Lipjan Koleksioni i përgjithshem 11/29/2018   043.3 Gashi,E 2005 MBE 002-3019820 11/29/2018 11/29/2018 Dissertation
UBT Library © 2015-2024. All rights reserved University Education for Business and Technology